<?xml version="1.0" encoding="UTF-8"?><?xml-stylesheet type="text/xsl" href="static/style.xsl"?><OAI-PMH xmlns="http://www.openarchives.org/OAI/2.0/" xmlns:xsi="http://www.w3.org/2001/XMLSchema-instance" xsi:schemaLocation="http://www.openarchives.org/OAI/2.0/ http://www.openarchives.org/OAI/2.0/OAI-PMH.xsd"><responseDate>2026-04-14T02:29:30Z</responseDate><request verb="GetRecord" identifier="oai:www.recercat.cat:2072/415166" metadataPrefix="marc">https://recercat.cat/oai/request</request><GetRecord><record><header><identifier>oai:recercat.cat:2072/415166</identifier><datestamp>2026-03-25T03:44:24Z</datestamp><setSpec>com_2072_98</setSpec><setSpec>col_2072_378192</setSpec></header><metadata><record xmlns="http://www.loc.gov/MARC21/slim" xmlns:dcterms="http://purl.org/dc/terms/" xmlns:xsi="http://www.w3.org/2001/XMLSchema-instance" xmlns:doc="http://www.lyncode.com/xoai" xsi:schemaLocation="http://www.loc.gov/MARC21/slim http://www.loc.gov/standards/marcxml/schema/MARC21slim.xsd">
   <leader>00925njm 22002777a 4500</leader>
   <datafield ind2=" " ind1=" " tag="042">
      <subfield code="a">dc</subfield>
   </datafield>
   <datafield ind2=" " ind1=" " tag="720">
      <subfield code="a">García Melo, A.</subfield>
      <subfield code="e">author</subfield>
   </datafield>
   <datafield ind2=" " ind1=" " tag="720">
      <subfield code="a">Rodríguez Jiménez, S.</subfield>
      <subfield code="e">author</subfield>
   </datafield>
   <datafield ind2=" " ind1=" " tag="260">
      <subfield code="c">2013</subfield>
   </datafield>
   <datafield ind2=" " ind1=" " tag="520">
      <subfield code="a">Se presenta aquí una experiencia pedagógica en enseñanza de la biología, desarrollada en el espacio académico de Aula experimental de la Universidad Distrital Francisco José de Caldas, con 28 estudiantes de grado 8vo del Colegio La Candelaria, sede la Concordia, en la ciudad de Bogotá (Colombia) con un rango de edades entre los 12 y los 17 años, se escogen tres estudiantes, tomando como eje conceptual las interacciones biológicas. Este trabajo se realizó en las etapas de planificación, diseño y implementación de la unidad didáctica "Preguntando ando, con el ecosistema interactuando" la cual se centró en el enfoque de enseñanza por resolución de problemas. En la finalización de este trabajo se encontró un cambio actitudinal de los estudiantes con respecto al aprendizaje del eje conceptual, teniendo como referente los componentes actitudinales expuestos por Vilches y Furió (1997).</subfield>
   </datafield>
   <datafield tag="653" ind2=" " ind1=" ">
      <subfield code="a">Resolución</subfield>
   </datafield>
   <datafield tag="653" ind2=" " ind1=" ">
      <subfield code="a">Problemas</subfield>
   </datafield>
   <datafield tag="653" ind2=" " ind1=" ">
      <subfield code="a">Cambio</subfield>
   </datafield>
   <datafield tag="653" ind2=" " ind1=" ">
      <subfield code="a">Actitudes</subfield>
   </datafield>
   <datafield tag="653" ind2=" " ind1=" ">
      <subfield code="a">Interacción</subfield>
   </datafield>
   <datafield ind2="0" ind1="0" tag="245">
      <subfield code="a">Cambio actitudinal de estudiantes de octavo grado hacia el aprendizaje de interacciones biológicas mediante la resolución de problemas</subfield>
   </datafield>
</record></metadata></record></GetRecord></OAI-PMH>